El gato de mis sueños /

Na minha lista:
Detalhes bibliográficos
Autor principal: Croteau, Marie-Danielle (autor)
Outros Autores: Saint-Aubin, Bruno (ilustración) (ilustración)
Formato: Livro
Idioma:espanhol
Publicado em: Madrid, España : Mare Nostrum, 2005, c2005
Colecção:(La Buena Letra. A Partir de 8 Años)
Assuntos:
Tags: Adicionar Tag
Sem tags, seja o primeiro a adicionar uma tag!

MARC

LEADER 00000nam^a2200000^a^4500
001 000184980
005 20250521000000.0
009 20260310102134.045
020 |a 84-96391-24-8 
037 |a Acervo ITESO - Biblioteca 
041 |a ESP 
082 |a 808. 899282  |b CRO 
100 |a Croteau, Marie-Danielle  |e (autor) 
245 1 3 |a El gato de mis sueños /  |c M.D. Croteau ; il. de B. Saint-Aubin ; tr. por Francisco Moreno. 
264 4 |a Madrid, España :  |b Mare Nostrum,  |c 2005, c2005 
300 |a 60 p. 
336 |a texto  |b txt  |2 rdacontenido 
337 |a sin mediación  |b n  |2 rdamedio 
338 |a volumen  |b nc  |2 rdasoporte 
440 4 |a (La Buena Letra.  |p A Partir de 8 Años) 
500 |a Traducción de: Le chat de mes rêves 
649 |a XX 
650 |a Novela Quebequense 
650 |a Novela Canadiense 
650 |a Literatura Infantil -  |z Quebec, Canadá 
650 |a Literatura Infantil -  |z Canadá 
650 |a Literatura de Mujeres -  |z Quebec, Canadá 
650 |a Literatura de Mujeres -  |z Canadá 
650 |a Literatura Quebequense -  |y Siglo XX 
650 |a Literatura Canadiense -  |y Siglo XX 
650 |a Literatura en Francés -  |z Quebec, Canadá 
650 |a Literatura en Francés -  |z Canadá 
650 |a Gatos en la Literatura 
650 |a Animales en la Literatura 
650 |a Animales (En Religión, Folklore, etc.) 
700 |a Saint-Aubin, Bruno  |e (ilustración) 
910 |a Fondo General 
920 |a Impresos - Libros 
930 |a Colección General 
940 |a Literatura 
905 |a 101 
901 |a 0500125903  |b IT1  |c LIT  |u 20250521 
901 |a 0500125900  |b IT1  |c LIT  |u 20250521 
902 |a https://opac.biblio.iteso.mx/vufind/Record/000184980